Normal view
MARC view
- Orozco, Rebeca,
Entry Nombre Personal
001 - NUMERO DE CONTROL
- campo de control: 36242
003 - IDENTIFICADOR DE NUMERO DE CONTROL
- campo de control: UPN
005 - FECHA Y HORA DE LA ÜLTIMA TRANSACCIÓN
- campo de control: 20210219194512.0
008 - DATOS DE LONGITUD FIJA
- campo de control de longitud fija: nabaccnnaabn|||||||||| b |nc|||||d
035 ## - NUMERO DE CONTROL
- Número de control: UPN11000008349
040 ## - FUENTE DE CATALOGACIÓN
- Lenguaje de catalogación: SPA
- Agencia de transcripción: UPN
100 1# - ENCABEZAMIENTO - NOMBRE PERSONAL
- Nombre personal: Orozco, Rebeca,
- Fechas asociadas con el nombre: 1956-
670 ## - FUENTE EN LA QUE SE LOCALIZARON DATOS
- Cita de la fuente: LC
680 ## - NOTA PUBLICA DE ACCESO PÚBLICO
- Encabezamiento o subdivisión: Nació en Ensenada, Baja California. Estudió Ciencias de la Comunicación Social en la Universidad Anáhuac en la Ciudad de México. Ha escrito guiones para radio y televisión
902 ## - CATALOGADOR
- Catalogador: MITM/091214
